| 000 | 00510nam a2200181Ia 4500 | ||
|---|---|---|---|
| 003 | SGT | ||
| 020 | _a9788131702291 | ||
| 082 |
_a5.73 _bTEN |
||
| 100 | _aTenenbaum,Aaron M | ||
| 245 | _aData structures using C | ||
| 260 |
_bPearson _aN.Delhi _c2009 |
||
| 300 | _a656p. | ||
| 650 | _aCOMPUTER SCIENCE | ||
| 653 | _aINTRODUCTION TO DATA STRUCTURES, THE STACK, RECURSION, QUEUES AND LISTS, GRAPHS AND THEIR APPLICATIONS | ||
| 700 | _aAugenstein,Moshe J | ||
| 700 | _aLangsam,Yedidyah | ||
| 942 |
_2ddc _cBK _020 |
||
| 999 |
_c5172 _d5172 |
||